000 00444nam a22001810a 4500
001 PT33858
003 AR-LpoUNG
005 20210131230135.0
008 191001suuuu||||bl |||||||||||||||||spa d
040 _aAR-LpoUNG
_bspa
_cAR-LpoUNG
_eaacr
041 _aspa
082 0 _a320.092 588ide
100 1 _aTíndaro, Celso
_ecomp.
245 1 0 _aIdeario de Joaquín V. González
260 _as.l.
_bEudelar,
_cs.f.
905 _a33858
942 _cLIB
999 _c1683
_d1683